[Event "Liechtenstein op 30th"]
[Site "Triesen"]
[Date "2012.05.12"]
[Round "2"]
[White "Kessler, Michaela"]
[Black "Bezler, Rainer"]
[Result "0-1"]
[WhiteElo "1984"]
[BlackElo "2216"]
[PlyCount "88"]
[EventDate "2012.05.11"]
[EventType "swiss"]
[EventRounds "9"]
[EventCountry "LIE"]
[SourceTitle "CBM 148 Extra"]
[Source "ChessBase"]
[SourceDate "2012.06.22"]
[SourceVersion "1"]
[SourceVersionDate "2012.06.22"]
[SourceQuality "1"]

1. e4 e5 2. Nf3 Nc6 3. Bb5 a6 4. Ba4 Nf6 5. 0-0 b5 6. Bb3 Be7 7. Re1 d6 8. c3 0-0 9. h3 h6 10. d4 Re8 11. Nbd2 Bf8 12. d5 Ne7 13. a4 Bb7 14. c4 c6 15. dxc6 Nxc6 16. axb5 axb5 17. Rxa8 Bxa8 18. cxb5 Na7 19. Bc4 Qc7 20. Qb3 Rb8 21. b6 Rxb6 22. Bxf7+ Kh7 23. Qe6 Qe7 24. Qf5+ Kh8 25. Be6 Bc6 26. Nc4 Rb8 27. Nh4 Be8 28. Bxh6 gxh6 29. Nxd6 Qxd6 30. Qxf6+ Bg7 31. Qf5 Nc6 32. Qg4 Nd4 33. Bd5 Qf6 34. Rc1 Bd7 35. Ng6+ Kh7 36. Qxd7 Ne2+ 37. Kh2 Nxc1 38. Ne7 Ne2 39. Nf5 Nd4 40. Qc7 Rf8 41. f3 Kh8 42. Nd6 Nxf3+ 43. gxf3 Qf4+ 44. Kg1 Qg3+ 0-1

[Event "AUT-chT (Women)"]
[Site "Austria"]
[Date "2012.04.22"]
[Round "7.1"]
[White "Horvath, Reka"]
[Black "Kessler, Michaela"]
[Result "0-1"]
[WhiteElo "2052"]
[BlackElo "2000"]
[PlyCount "76"]
[EventDate "2012.03.01"]
[EventType "team-tourn"]
[EventRounds "7"]
[EventCountry "AUT"]
[SourceTitle "CBM 147 Extra"]
[Source "ChessBase"]
[SourceDate "2012.04.24"]
[SourceVersion "1"]
[SourceVersionDate "2012.04.24"]
[SourceQuality "1"]
[WhiteTeam "Feldbach Kirchberg (W)"]
[BlackTeam "Vorarlberg (W)"]
[WhiteTeamCountry "AUT"]
[BlackTeamCountry "AUT"]

1. Nf3 Nf6 2. g3 g6 3. Bg2 Bg7 4. 0-0 0-0 5. c4 d6 6. Nc3 Nbd7 7. Qc2 e5 8. d3 h6 9. Rb1 Nh5 10. b4 f5 11. a4 a5 12. Ba3 axb4 13. Bxb4 Nc5 14. Nd2 Ne6 15. Nb3 c6 16. Ba3 g5 17. Rfd1 g4 18. Bb2 f4 19. Ba1 f3 20. Bh1 fxe2 21. Qxe2 Nef4 22. gxf4 Nxf4 23. Qe3 Nh3+ 24. Kf1 Rxf2+ 25. Qxf2 Nxf2 26. Kxf2 Qh4+ 27. Kg1 g3 28. Rb2 Bg4 29. Rf1 Bh3 30. Bg2 gxh2+ 31. Kh1 Rf8 32. Rxf8+ Kxf8 33. Bxh3 Qxh3 34. Rg2 Kf7 35. Nc1 e4 36. dxe4 Bxc3 37. Bxc3 Qxc3 38. Ne2 Qe1+ 0-1

[Event "AUT-chT (Women)"]
[Site "Austria"]
[Date "2012.04.20"]
[Round "5.1"]
[White "Ragger, Anna Christina"]
[Black "Kessler, Michaela"]
[Result "1-0"]
[WhiteElo "2257"]
[BlackElo "2000"]
[PlyCount "77"]
[EventDate "2012.03.01"]
[EventType "team-tourn"]
[EventRounds "7"]
[EventCountry "AUT"]
[SourceTitle "CBM 147 Extra"]
[Source "ChessBase"]
[SourceDate "2012.04.24"]
[SourceVersion "1"]
[SourceVersionDate "2012.04.24"]
[SourceQuality "1"]
[WhiteTeam "Wulkaprodersdorf (W)"]
[BlackTeam "Vorarlberg (W)"]
[WhiteTeamCountry "AUT"]
[BlackTeamCountry "AUT"]

1. e4 c5 2. Nc3 a6 3. f4 e6 4. d3 Nc6 5. g3 d5 6. Bg2 Nf6 7. e5 Nd7 8. Nf3 b5 9. 0-0 d4 10. Nxd4 cxd4 11. Bxc6 Rb8 12. Ne2 Qb6 13. Bg2 Be7 14. b3 0-0 15. Bb2 Bc5 16. Qe1 a5 17. Qf2 Rd8 18. Bxd4 Bxd4 19. Qxd4 Nc5 20. Qf2 Bb7 21. a3 Bxg2 22. Kxg2 Qc6+ 23. Qf3 Qc7 24. Rf2 b4 25. axb4 Rxb4 26. d4 Nb7 27. f5 exf5 28. Qxf5 Qc6+ 29. Qf3 Qd7 30. Raf1 Rf8 31. c4 a4 32. c5 Rxb3 33. Qe4 Qc7 34. c6 Na5 35. d5 a3 36. e6 f6 37. e7 Re8 38. Qe6+ Kh8 39. Rxf6 1-0

[Event "Mitropa Cup (Women)"]
[Site "Merlimont"]
[Date "2011.10.11"]
[Round "5"]
[White "Brunello, Marina"]
[Black "Kessler, Michaela"]
[Result "1-0"]
[WhiteElo "2215"]
[BlackElo "2018"]
[PlyCount "87"]
[EventDate "2011.10.08"]
[EventType "team-tourn"]
[EventRounds "10"]
[EventCountry "FRA"]
[SourceTitle "CBM 144 Extra"]
[Source "ChessBase"]
[SourceDate "2011.10.28"]
[SourceVersion "1"]
[SourceVersionDate "2011.10.28"]
[SourceQuality "1"]
[WhiteTeam "Italy (W)"]
[BlackTeam "Austria (W)"]
[WhiteTeamCountry "ITA"]
[BlackTeamCountry "AUT"]

1. e4 c5 2. c3 Nf6 3. e5 Nd5 4. d4 cxd4 5. Nf3 e6 6. cxd4 b6 7. Nc3 Nxc3 8. bxc3 Qc7 9. Bd2 Bb7 10. Bd3 d6 11. 0-0 Nd7 12. exd6 Bxd6 13. h3 0-0 14. Re1 e5 15. dxe5 Nxe5 16. Nxe5 Bxe5 17. Bxh7+ Kxh7 18. Qh5+ Kg8 19. Rxe5 Rad8 20. Bf4 Qxc3 21. Rae1 Qc4 22. Bc1 Rd5 23. Ba3 Rxe5 24. Qxe5 Rc8 25. Bb2 f6 26. Qe7 Qc7 27. Qe6+ Qf7 28. Qg4 Rc4 29. Qg3 Re4 30. Rc1 Re7 31. Rd1 Qe6 32. Rd8+ Kf7 33. Ba3 Qe1+ 34. Kh2 Qe4 35. Bxe7 Qxe7 36. Rd3 g5 37. Re3 Qd7 38. h4 gxh4 39. Qxh4 Qf5 40. a3 b5 41. Qd4 a6 42. Qd6 Bd5 43. Qe7+ Kg6 44. Rg3+ 1-0

[Event "AUT-ch"]
[Site "Linz"]
[Date "2011.07.30"]
[Round "8"]
[White "Kessler, Michaela"]
[Black "Fugger, Christian"]
[Result "1-0"]
[WhiteElo "2010"]
[BlackElo "2074"]
[PlyCount "77"]
[EventDate "2011.07.23"]
[EventType "swiss"]
[EventRounds "9"]
[EventCountry "AUT"]
[SourceTitle "CBM 143 Extra"]
[Source "ChessBase"]
[SourceDate "2011.08.29"]
[SourceVersion "1"]
[SourceVersionDate "2011.08.29"]
[SourceQuality "1"]

1. e4 c6 2. Nc3 d5 3. Nf3 dxe4 4. Nxe4 Nd7 5. Bc4 e6 6. d4 Ngf6 7. Nxf6+ Nxf6 8. c3 Be7 9. 0-0 0-0 10. Qe2 Qc7 11. Ne5 Bd6 12. Re1 c5 13. Bd3 cxd4 14. cxd4 Nd7 15. Bd2 Nxe5 16. dxe5 Bc5 17. Rac1 Qb6 18. b4 Be7 19. Rc4 Bd7 20. Be3 Qd8 21. Rd4 a6 22. Bxh7+ Kxh7 23. Qd3+ g6 24. Rxd7 Qe8 25. Rxb7 Rh8 26. Rc1 Rd8 27. Qxa6 Rd7 28. g3 Qd8 29. Rxd7 Qxd7 30. b5 Kg7 31. Qc6 Qd3 32. b6 Qf5 33. b7 Ba3 34. Rc2 Qh3 35. f3 Qf5 36. Qe4 Qh5 37. h4 Rd8 38. Kf2 Be7 39. Rc8 1-0

[Event "AUT-ch U18 Girls"]
[Site "Vienna"]
[Date "2011.04.17"]
[Round "1.1"]
[White "Kessler, Michaela"]
[Black "Trippold, Denise"]
[Result "1-0"]
[WhiteElo "2019"]
[BlackElo "1713"]
[PlyCount "83"]
[EventDate "2011.04.17"]
[EventType "swiss"]
[EventRounds "7"]
[EventCountry "AUT"]
[SourceTitle "EXT 2024"]
[Source "ChessBase"]
[SourceDate "2023.10.10"]
[SourceVersion "1"]
[SourceVersionDate "2023.10.10"]
[SourceQuality "1"]

1. e4 c5 2. Nf3 e6 3. d4 cxd4 4. Nxd4 Nf6 5. Nc3 d6 6. g4 Be7 7. Be3 a6 8. Rg1 Qc7 9. g5 Nfd7 10. h4 Nc6 11. h5 g6 12. Qd2 Nde5 13. Be2 b5 14. f4 Nc4 15. Bxc4 bxc4 16. Nxc6 Qxc6 17. Qd4 Rg8 18. 0-0-0 Bb7 19. hxg6 hxg6 20. Rh1 Kd7 21. Rh7 Rgf8 22. f5 e5 23. Qxe5 Rae8 24. Rxf7 Rxf7 25. Qe6+ Kd8 26. Qxf7 gxf5 27. Qxf5 Rf8 28. Qa5+ Kc8 29. Nd5 Bd8 30. Qc3 Rg8 31. Rd4 Qd7 32. Qxc4+ Kb8 33. Nf6 Bxf6 34. Qxg8+ Bd8 35. Bf4 Ka7 36. Rxd6 Qh3 37. Rd1 Ba5 38. Qb8+ Kb6 39. Qc7+ Kb5 40. Qxb7+ Kc5 41. Rd5+ Kc4 42. Qb3+ 1-0

[Event "AUT-ch (Women)"]
[Site "Vienna"]
[Date "2010.08.01"]
[Round "9"]
[White "Moser, Eva"]
[Black "Kessler, Michaela"]
[Result "1-0"]
[WhiteElo "2440"]
[BlackElo "2047"]
[PlyCount "95"]
[EventDate "2010.07.24"]
[EventType "swiss"]
[EventRounds "9"]
[EventCountry "AUT"]
[SourceTitle "CBM 137 Extra"]
[Source "ChessBase"]
[SourceDate "2010.09.01"]
[SourceVersion "1"]
[SourceVersionDate "2010.09.01"]
[SourceQuality "1"]

1. e4 c5 2. d3 Nc6 3. g3 g6 4. Bg2 Bg7 5. f4 e6 6. Nf3 Nge7 7. 0-0 0-0 8. c3 d6 9. Be3 Rb8 10. d4 cxd4 11. Nxd4 a6 12. Na3 Nxd4 13. Bxd4 e5 14. Ba7 Ra8 15. Be3 Qc7 16. Qd2 Be6 17. Rfd1 Rad8 18. Qf2 Rd7 19. Bb6 Qb8 20. Nc2 f5 21. exf5 Nxf5 22. Qe2 Re7 23. fxe5 dxe5 24. Bc5 Qc7 25. Bxe7 Qxe7 26. Kh1 Qc5 27. Qe4 Nh6 28. Ne3 Nf7 29. Nd5 Bh6 30. Rf1 Rd8 31. Rad1 Kg7 32. Qb4 Qc8 33. Qe7 Kg8 34. Qf6 Bf8 35. Ne7+ Bxe7 36. Qxe7 Rxd1 37. Rxd1 Qc4 38. Qxb7 Qxa2 39. Rf1 Qc4 40. Rd1 Qe2 41. Ra1 Ng5 42. h4 Nh3 43. Rf1 Qg4 44. Qa8+ Bc8 45. Qd5+ Kg7 46. Qxe5+ Kh6 47. Qe3+ Kg7 48. Qd4+ 1-0

[Event "AUT-ch (Women)"]
[Site "Vienna"]
[Date "2010.07.31"]
[Round "8"]
[White "Kessler, Michaela"]
[Black "Mira, Helene"]
[Result "0-1"]
[WhiteElo "2047"]
[BlackElo "2133"]
[PlyCount "106"]
[EventDate "2010.07.24"]
[EventType "swiss"]
[EventRounds "9"]
[EventCountry "AUT"]
[SourceTitle "CBM 137 Extra"]
[Source "ChessBase"]
[SourceDate "2010.09.01"]
[SourceVersion "1"]
[SourceVersionDate "2010.09.01"]
[SourceQuality "1"]

1. e4 e5 2. Nf3 Nc6 3. Bb5 a6 4. Ba4 Nf6 5. 0-0 Be7 6. Re1 b5 7. Bb3 0-0 8. c3 d6 9. h3 Na5 10. Bc2 c5 11. d4 Qc7 12. Nbd2 Rd8 13. b3 cxd4 14. cxd4 Nc6 15. d5 Nb8 16. a3 Nbd7 17. Bb2 Nf8 18. Rc1 Bd7 19. b4 Rdc8 20. Nf1 Qb7 21. Ne3 Rab8 22. Kh2 Bd8 23. Qd2 Ra8 24. g3 a5 25. Nh4 axb4 26. axb4 Ne8 27. Nhg2 Bb6 28. Nd1 Rc4 29. Bd3 Rxc1 30. Qxc1 Qa7 31. Qd2 Bd4 32. Nc3 Qb6 33. f4 f6 34. Rf1 Ng6 35. f5 Nh8 36. g4 Nf7 37. h4 h6 38. Ne1 Nc7 39. Nc2 Bxc3 40. Bxc3 Ra2 41. Qg2 Na8 42. Bd2 Qd8 43. Rf3 Nb6 44. Rg3 Nc4 45. Bxc4 bxc4 46. Na3 Qb6 47. Nb1 Rb2 48. Ra3 Kf8 49. Ra1 Ke7 50. Qe2 Qd4 51. Kg2 c3 52. Ra3 cxd2 53. Rd3 d1Q 0-1

[Event "AUT-ch (Women)"]
[Site "Vienna"]
[Date "2010.07.28"]
[Round "5"]
[White "Newrkla, Katharina"]
[Black "Kessler, Michaela"]
[Result "1/2-1/2"]
[WhiteElo "2105"]
[BlackElo "2047"]
[PlyCount "119"]
[EventDate "2010.07.24"]
[EventType "swiss"]
[EventRounds "9"]
[EventCountry "AUT"]
[SourceTitle "CBM 137 Extra"]
[Source "ChessBase"]
[SourceDate "2010.09.01"]
[SourceVersion "1"]
[SourceVersionDate "2010.09.01"]
[SourceQuality "1"]

1. e4 c5 2. Nf3 d6 3. d4 cxd4 4. Nxd4 Nf6 5. Nc3 a6 6. Be3 e5 7. Nb3 Be6 8. f3 h5 9. Qd2 Nbd7 10. a4 Rc8 11. Be2 Be7 12. 0-0 h4 13. Rfd1 Kf8 14. a5 g6 15. Nd5 Bxd5 16. exd5 Kg7 17. c4 Nh5 18. Rac1 f5 19. h3 Ng3 20. f4 exf4 21. Bxf4 Ne4 22. Qc2 Bg5 23. Bxg5 Qxg5 24. Qd3 Ne5 25. Qd4 Kh7 26. Nd2 Ng3 27. Qf2 Rhe8 28. Nf3 Qf6 29. Nxe5 Qxe5 30. Bf3 Qf4 31. Qd2 Re3 32. Rc3 Rce8 33. Rxe3 Rxe3 34. Qf2 Qe5 35. c5 Rb3 36. Re1 Qf6 37. Re6 Qg5 38. Re1 dxc5 39. Rd1 c4 40. Qd2 Qe7 41. d6 Qd8 42. Qd5 Rd3 43. Rxd3 cxd3 44. Qxb7+ Kh6 45. Qe7 Qxa5 46. Qxh4+ Nh5 47. Bxh5 g5 48. Qg3 Kxh5 49. Qxd3 Qe1+ 50. Kh2 Qe5+ 51. Qg3 f4 52. Qf3+ Kg6 53. d7 Qd6 54. Qe4+ Kf6 55. Qe8 f3+ 56. Kg1 Qd4+ 57. Kh1 Qd1+ 58. Kh2 Qd6+ 59. Kh1 Qd1+ 60. Kh2 1/2-1/2

[Event "AUT-ch (Women)"]
[Site "Vienna"]
[Date "2010.07.25"]
[Round "2"]
[White "Kessler, Michaela"]
[Black "Novkovic, Julia"]
[Result "1/2-1/2"]
[WhiteElo "2047"]
[BlackElo "2157"]
[PlyCount "155"]
[EventDate "2010.07.24"]
[EventType "swiss"]
[EventRounds "9"]
[EventCountry "AUT"]
[SourceTitle "CBM 137 Extra"]
[Source "ChessBase"]
[SourceDate "2010.09.01"]
[SourceVersion "1"]
[SourceVersionDate "2010.09.01"]
[SourceQuality "1"]

1. e4 e5 2. Nf3 Nc6 3. d4 exd4 4. Nxd4 Nf6 5. Nxc6 bxc6 6. e5 Qe7 7. Qe2 Nd5 8. c4 Ba6 9. Nd2 g6 10. Qe4 f5 11. exf6 Nxf6 12. Qxe7+ Bxe7 13. Bd3 0-0 14. 0-0 d5 15. b3 Bc5 16. Bb2 Rae8 17. Nf3 Ne4 18. Rad1 dxc4 19. Bxc4+ Bxc4 20. bxc4 Rb8 21. Bd4 Bxd4 22. Rxd4 Nc3 23. Rd2 Rbe8 24. h3 Rf4 25. Rd7 Rf7 26. Rd2 Rf4 27. Rd7 Rf7 28. Rd2 h6 29. a3 Re4 30. Kh2 Rfe7 31. Rd4 c5 32. Rd3 Na4 33. Rd8+ Kg7 34. Ra8 Nb6 35. Rxa7 Rxc4 36. Ra5 Rc2 37. Re1 Rxe1 38. Nxe1 Rc3 39. Nf3 Kf6 40. Ra7 Nd5 41. Ra6+ Nb6 42. Ra7 Nd5 43. Ra6+ Kg7 44. Nh4 Ne7 45. Ra7 g5 46. Rxc7 Kf6 47. Nf3 Ke6 48. a4 Kd6 49. Ra7 Rc2 50. Kg3 Ra2 51. Ra6+ Kd5 52. h4 c4 53. Ra5+ Ke6 54. hxg5 hxg5 55. Nxg5+ Kf6 56. Ne4+ Ke6 57. Kf4 Ng6+ 58. Ke3 Ne5 59. Ra6+ Ke7 60. Kd4 Nd7 61. Kxc4 Re2 62. Nc3 Rxf2 63. Nd5+ Kf7 64. Ne3 Re2 65. Kd4 Rd2+ 66. Kc3 Re2 67. Kd3 Ra2 68. Ra7 Ke6 69. a5 Ne5+ 70. Kc3 Ra3+ 71. Kd2 Ra2+ 72. Kd1 Nc6 73. Ra6 Kd7 74. Nc4 Rxg2 75. Ra8 Kc7 76. a6 Ra2 77. Kc1 Nb8 78. Ra7+ 1/2-1/2

[Event "Oberwart op"]
[Site "Oberwart"]
[Date "2010.07.18"]
[Round "9"]
[White "Loidl, Florian"]
[Black "Kessler, Michaela"]
[Result "1-0"]
[WhiteElo "2209"]
[BlackElo "2047"]
[PlyCount "43"]
[EventDate "2010.07.10"]
[EventType "swiss"]
[EventRounds "9"]
[EventCountry "AUT"]
[SourceTitle "CBM 137 Extra"]
[Source "ChessBase"]
[SourceDate "2010.09.01"]
[SourceVersion "1"]
[SourceVersionDate "2010.09.01"]
[SourceQuality "1"]

1. d4 Nf6 2. c4 e6 3. Nc3 Bb4 4. Qc2 0-0 5. Bg5 b6 6. a3 Bxc3+ 7. Qxc3 Bb7 8. f3 c5 9. e3 cxd4 10. Qxd4 d5 11. cxd5 Bxd5 12. e4 Bb7 13. Qe3 Nc6 14. Rd1 Qe7 15. e5 Rfd8 16. Rxd8+ Rxd8 17. exf6 gxf6 18. Bh4 Qd6 19. Bxf6 Qd1+ 20. Kf2 Rd2+ 21. Ne2 Rd5 22. Qh6 1-0

[Event "AUT-ch U16 Girls"]
[Site "Velden"]
[Date "2010.04.01"]
[Round "7.1"]
[White "Gerhold, Doris"]
[Black "Kessler, Michaela"]
[Result "0-1"]
[WhiteElo "1540"]
[BlackElo "1984"]
[PlyCount "70"]
[EventDate "2010.03.28"]
[EventType "swiss"]
[EventRounds "7"]
[EventCountry "AUT"]
[SourceTitle "EXT 2024"]
[Source "ChessBase"]
[SourceDate "2023.10.10"]
[SourceVersion "1"]
[SourceVersionDate "2023.10.10"]
[SourceQuality "1"]

1. e4 c5 2. Nc3 a6 3. g3 b5 4. Bg2 Bb7 5. d3 Nf6 6. f4 e6 7. Nf3 d5 8. e5 Nfd7 9. 0-0 Nc6 10. Bd2 Qc7 11. Qe1 g6 12. Ne2 h6 13. Rc1 c4 14. d4 a5 15. c3 Nb6 16. Be3 b4 17. Rb1 Be7 18. Qd2 0-0-0 19. Kf2 Kb8 20. Qc1 Bc8 21. Rh1 Bd7 22. Bf1 Ka7 23. Bg2 Rb8 24. Bd2 Rb7 25. cxb4 axb4 26. Qc2 Ra8 27. Ra1 Kb8 28. Bc1 b3 29. Qb1 Rba7 30. Nc3 Nb4 31. Ne1 bxa2 32. Nxa2 Rxa2 33. Rxa2 Rxa2 34. Bd2 Qa7 35. Bf3 Ra1 0-1

[Event "AUT-ch U16 Girls"]
[Site "Velden"]
[Date "2010.03.31"]
[Round "6.1"]
[White "Kessler, Michaela"]
[Black "Huber, Elke Carola"]
[Result "1-0"]
[WhiteElo "1984"]
[BlackElo "1649"]
[PlyCount "69"]
[EventDate "2010.03.28"]
[EventType "swiss"]
[EventRounds "7"]
[EventCountry "AUT"]
[SourceTitle "EXT 2024"]
[Source "ChessBase"]
[SourceDate "2023.10.10"]
[SourceVersion "1"]
[SourceVersionDate "2023.10.10"]
[SourceQuality "1"]

1. e4 e5 2. Nf3 Nc6 3. Bb5 a6 4. Ba4 Nf6 5. 0-0 Be7 6. Re1 0-0 7. c3 b5 8. Bc2 d6 9. h3 Na5 10. d4 exd4 11. cxd4 c5 12. Nbd2 Qc7 13. Qe2 Bb7 14. Nf1 Rfe8 15. Ng3 cxd4 16. Nxd4 d5 17. e5 Bb4 18. Bd2 Bxd2 19. Qxd2 Rxe5 20. Rxe5 Qxe5 21. Ngf5 Nc4 22. Qg5 Nd7 23. b3 Nd6 24. f4 Qf6 25. Qxf6 Nxf6 26. Nxd6 Rb8 27. Re1 Kf8 28. Bd3 h6 29. Rc1 Ne8 30. N4f5 Ba8 31. Nxe8 Rxe8 32. Kf2 h5 33. Rc7 Rd8 34. Ra7 g6 35. Nd4 1-0

[Event "AUT-ch U16 Girls"]
[Site "Velden"]
[Date "2010.03.30"]
[Round "5.1"]
[White "Kessler, Michaela"]
[Black "Tarmastin, Laura"]
[Result "1-0"]
[WhiteElo "1984"]
[BlackElo "1829"]
[PlyCount "91"]
[EventDate "2010.03.28"]
[EventType "swiss"]
[EventRounds "7"]
[EventCountry "AUT"]
[SourceTitle "EXT 2024"]
[Source "ChessBase"]
[SourceDate "2023.10.10"]
[SourceVersion "1"]
[SourceVersionDate "2023.10.10"]
[SourceQuality "1"]

1. e4 e5 2. Nf3 Nc6 3. Bb5 Bc5 4. 0-0 d6 5. c3 Bd7 6. d4 exd4 7. cxd4 Bb6 8. Nc3 Nge7 9. Be3 0-0 10. a3 Ng6 11. h3 Nce7 12. Bd3 c6 13. Ne2 d5 14. e5 Bf5 15. Nh2 Qd7 16. f4 Bxd3 17. Qxd3 Rfe8 18. f5 Nf8 19. Ng4 Kh8 20. f6 Ng8 21. fxg7+ Kxg7 22. Nf4 Red8 23. Nh5+ Kh8 24. Bg5 Re8 25. Nhf6 Qe6 26. Nxg8 Kxg8 27. Nh6+ Kg7 28. Rxf7+ Qxf7 29. Nxf7 Kxf7 30. Rf1+ Kg8 31. Be3 Ng6 32. Rf3 Rf8 33. Rg3 Rae8 34. Kh1 Re6 35. Bg5 Bd8 36. Bxd8 Rxd8 37. Qf5 Ree8 38. h4 Rf8 39. Qe6+ Kh8 40. h5 Nf4 41. Qg4 Rf7 42. e6 Nxe6 43. Qxe6 Rdf8 44. Qe5+ Rf6 45. h6 a6 46. Rf3 1-0

[Event "AUT-ch U16 Girls"]
[Site "Velden"]
[Date "2010.03.29"]
[Round "3.1"]
[White "Kessler, Michaela"]
[Black "Hiebler, Laura"]
[Result "1-0"]
[WhiteElo "1984"]
[BlackElo "1672"]
[PlyCount "53"]
[EventDate "2010.03.28"]
[EventType "swiss"]
[EventRounds "7"]
[EventCountry "AUT"]
[SourceTitle "EXT 2024"]
[Source "ChessBase"]
[SourceDate "2023.10.10"]
[SourceVersion "1"]
[SourceVersionDate "2023.10.10"]
[SourceQuality "1"]

1. e4 e5 2. Nf3 Nc6 3. Nc3 Nf6 4. Bb5 d6 5. d4 Bd7 6. 0-0 exd4 7. Nxd4 Be7 8. f4 Nxd4 9. Bxd7+ Qxd7 10. Qxd4 0-0 11. Kh1 Rfd8 12. Bd2 Qc6 13. Rae1 Qb6 14. Qd3 c6 15. Bc1 Rac8 16. Qe2 Bf8 17. e5 dxe5 18. fxe5 Nd5 19. e6 fxe6 20. Qxe6+ Kh8 21. Bg5 Qc5 22. Ne4 Qb6 23. Bxd8 Qxd8 24. Ng5 Rc7 25. Qe8 Qxe8 26. Rxe8 h6 27. Rexf8# 1-0

[Event "Winterthur op 9th"]
[Site "Winterthur"]
[Date "2009.10.08"]
[Round "7"]
[White "Kessler, Michaela"]
[Black "Fuchs, Judith"]
[Result "0-1"]
[WhiteElo "1963"]
[BlackElo "2207"]
[PlyCount "68"]
[EventDate "2009.10.03"]
[EventType "swiss"]
[EventRounds "9"]
[EventCountry "SUI"]
[SourceTitle "CBM 132 Extra"]
[Source "ChessBase"]
[SourceDate "2009.11.03"]
[SourceVersion "1"]
[SourceVersionDate "2009.11.03"]
[SourceQuality "1"]

1. e4 c6 2. d4 d5 3. Nc3 dxe4 4. Nxe4 Bf5 5. Ng3 Bg6 6. h4 h6 7. Nf3 Nd7 8. h5 Bh7 9. Bd3 Bxd3 10. Qxd3 Qc7 11. Bd2 e6 12. 0-0-0 Ngf6 13. Qe2 0-0-0 14. Ne5 Nb6 15. Ba5 Rd5 16. Bxb6 axb6 17. c4 Ra5 18. Kb1 Bd6 19. f4 Rd8 20. Rhe1 Kb8 21. Ne4 Nxe4 22. Qxe4 b5 23. d5 f6 24. Ng6 exd5 25. cxd5 Ra4 26. Qe6 c5 27. Re4 c4 28. Rc1 Qa5 29. a3 Bxa3 30. bxa3 Rxa3 31. Re2 Qa4 32. Qe4 Ra1+ 33. Kb2 Qa3+ 34. Kc2 Qxc1# 0-1

[Event "AUT-ch (Women)"]
[Site "Jenbach"]
[Date "2009.07.28"]
[Round "4"]
[White "Anker, Christin"]
[Black "Kessler, Michaela"]
[Result "0-1"]
[WhiteElo "1901"]
[BlackElo "1913"]
[PlyCount "80"]
[EventDate "2009.07.25"]
[EventType "swiss"]
[EventRounds "9"]
[EventCountry "AUT"]
[SourceTitle "CBM 131 Extra"]
[Source "ChessBase"]
[SourceDate "2009.09.03"]
[SourceVersion "2"]
[SourceVersionDate "2009.09.16"]
[SourceQuality "1"]

1. e4 c5 2. Nf3 d6 3. Bb5+ Bd7 4. Bxd7+ Qxd7 5. 0-0 Nc6 6. c3 Nf6 7. Re1 e6 8. d4 cxd4 9. cxd4 d5 10. e5 Ne4 11. Nbd2 Nxd2 12. Bxd2 h6 13. Rc1 Be7 14. Be3 0-0 15. g4 Rfc8 16. g5 h5 17. Nd2 g6 18. h4 Nb4 19. Qb3 a5 20. a4 b5 21. axb5 Rxc1 22. Rxc1 a4 23. Qc3 Qxb5 24. Nf1 Rb8 25. Qc7 Bd8 26. Qa7 Nd3 27. Ra1 Nxb2 28. Bc1 Nd3 29. Ba3 Rc8 30. Bd6 Nxf2 31. Qxa4 Qxa4 32. Rxa4 Ne4 33. Ba3 Nc3 34. Ra6 Ne2+ 35. Kf2 Nxd4 36. Ne3 Bc7 37. Bd6 Bxd6 38. Rxd6 Kf8 39. Rd7 Ke8 40. Rb7 Nc6 0-1

[Event "EU-chT U18 Girls 9th"]
[Site "Pardubice"]
[Date "2009.07.22"]
[Round "7"]
[White "Kessler, Michaela"]
[Black "Zvarikova, Alexandra"]
[Result "1-0"]
[WhiteElo "1913"]
[BlackElo "1984"]
[PlyCount "73"]
[EventDate "2009.07.16"]
[EventType "team-swiss"]
[EventRounds "7"]
[EventCountry "CZE"]
[SourceTitle "EXT 2020"]
[Source "ChessBase"]
[SourceDate "2019.10.17"]
[SourceVersion "1"]
[SourceVersionDate "2019.10.17"]
[SourceQuality "1"]
[WhiteTeam "Austria U18 (W) II"]
[BlackTeam "Slovakia U18 (W)"]
[WhiteTeamCountry "AUT"]
[BlackTeamCountry "SVK"]

1. e4 e6 2. d4 d5 3. Nd2 Nf6 4. e5 Nfd7 5. Bd3 c5 6. c3 Nc6 7. Ne2 cxd4 8. cxd4 f6 9. exf6 Nxf6 10. Nf3 Bd6 11. 0-0 0-0 12. Bf4 Bxf4 13. Nxf4 Ne4 14. Qc1 Ng5 15. Nxg5 Qxg5 16. Ne2 Qh4 17. Qd2 Bd7 18. Rae1 Rae8 19. f4 Qf6 20. Bb1 Ne7 21. Ng3 Nc6 22. Rd1 g6 23. Rf3 b6 24. Nf1 Rf7 25. Ne3 Ref8 26. f5 Qh4 27. Rh3 Qf4 28. fxg6 hxg6 29. Bxg6 Rg7 30. Rf1 Qxd4 31. Bh7+ Rxh7 32. Rxf8+ Kxf8 33. Qxd4 Nxd4 34. Rxh7 Ke8 35. Ng4 Kd8 36. Ne5 Bb5 37. Rxa7 1-0

[Event "EU-ch U14 Girls 18th"]
[Site "Herceg Novi"]
[Date "2008.09.23"]
[Round "8"]
[White "Kessler, Michaela"]
[Black "Klek, Hanna Marie"]
[Result "0-1"]
[WhiteElo "1835"]
[BlackElo "1964"]
[PlyCount "52"]
[EventDate "2008.09.15"]
[EventType "swiss"]
[EventRounds "9"]
[EventCountry "MNE"]
[SourceTitle "CBM 126 Extra"]
[Source "ChessBase"]
[SourceDate "2008.11.05"]
[SourceVersion "1"]
[SourceVersionDate "2008.11.05"]
[SourceQuality "1"]

1. e4 c5 2. Nf3 d6 3. d4 cxd4 4. Nxd4 Nf6 5. Nc3 a6 6. Bc4 e6 7. Bb3 b5 8. Bg5 Nbd7 9. f4 Qc7 10. Qe2 Bb7 11. 0-0-0 b4 12. Nd5 exd5 13. exd5+ Kd8 14. Rhe1 Kc8 15. Qe8+ Qd8 16. Qxf7 h6 17. Nc6 Qb6 18. Ba4 hxg5 19. fxg5 Ng4 20. Re8+ Kc7 21. Rde1 Rxe8 22. Qxe8 Bxc6 23. dxc6 Nde5 24. Rf1 Nf2 25. Qa8 g6 26. Rxf2 Bg7 0-1

[Event "EU-ch U14 Girls 18th"]
[Site "Herceg Novi"]
[Date "2008.09.18"]
[Round "4"]
[White "Kessler, Michaela"]
[Black "Kluchik, Julia"]
[Result "0-1"]
[WhiteElo "1835"]
[BlackElo "1956"]
[PlyCount "78"]
[EventDate "2008.09.15"]
[EventType "swiss"]
[EventRounds "9"]
[EventCountry "MNE"]
[SourceTitle "CBM 126 Extra"]
[Source "ChessBase"]
[SourceDate "2008.11.05"]
[SourceVersion "1"]
[SourceVersionDate "2008.11.05"]
[SourceQuality "1"]

1. e4 g6 2. d4 c6 3. Be3 d5 4. Nc3 Bg7 5. Qd2 dxe4 6. Nxe4 Nd7 7. 0-0-0 Ngf6 8. Nxf6+ Nxf6 9. f3 Be6 10. Kb1 Nd5 11. Bh6 Bxh6 12. Qxh6 Qa5 13. Qd2 Qxd2 14. Rxd2 Ne3 15. Bd3 0-0-0 16. c3 c5 17. Bc2 Rd6 18. f4 Nxg2 19. Ne2 Ne3 20. Kc1 Rhd8 21. b3 Bg4 22. Re1 e6 23. Bb1 h5 24. h3 Ng2 25. Rg1 Bxe2 26. Rxg2 Bf1 27. Rgf2 Bxh3 28. dxc5 Rxd2 29. Rxd2 Rxd2 30. Kxd2 Bf5 31. Bxf5 gxf5 32. Ke3 Kd7 33. c4 f6 34. Kf3 e5 35. b4 Kc6 36. Kg3 e4 37. Kh4 e3 38. Kg3 h4+ 39. Kf3 h3 0-1